000 01239nam a2200301 a 4500
001 ebr10524252
003 CaPaEBR
006 m u
007 cr cn|||||||||
008 120214s2011 ne sb 000 0 eng d
020 _z9781607508250
020 _z9781607508267 (e-book)
040 _aCaPaEBR
_cCaPaEBR
035 _a(OCoLC)772634046
050 1 4 _aTJ163.12
_b.S3 2011eb
100 1 _aSchmidt, Robert Munnig.
245 1 4 _aThe design of high performance mechatronics
_h[electronic resource] :
_bhigh-tech functionality by multidisciplinary system integration /
_cRobert Munnig Schmidt, Georg Schitter, Jan van Eijk.
260 _aAmsterdam :
_bDelft University Press,
_cc2011.
300 _axxii, 753 p.
504 _aIncludes bibliographical references.
533 _aElectronic reproduction.
_bPalo Alto, Calif. :
_cebrary,
_d2012.
_nAvailable via World Wide Web.
_nAccess may be limited to ebrary affiliated libraries.
650 0 _aMechatronics.
655 7 _aElectronic books.
_2local
700 1 _aSchitter, Georg.
700 1 _aEijk, Jan van.
710 2 _aebrary, Inc.
856 4 0 _uhttp://site.ebrary.com/lib/rucke/Doc?id=10524252
_zAn electronic book accessible through the World Wide Web; click to view
999 _c142869
_d142869